|
|
|
|
| LEADER |
00000nab a2200000uu 4500 |
| 001 |
vtls010895863 |
| 003 |
SK-MaSNL |
| 005 |
20260303141712.0 |
| 008 |
230222|1959 xo |||||||||||||||||slo| |
| 015 |
|
|
|a SNBRB
|
| 035 |
|
|
|a (urnnbn)urn:nbn:sk:snk:ar-006jf1
|
| 035 |
|
|
|a (uuid)790e93dc-b4fa-42ff-8807-37a6c79a67f7
|
| 035 |
|
|
|a urn:nbn:sk:snk-ab8onl
|
| 040 |
|
|
|a SNKBUCL
|b slo
|c SNKBUCL
|e AACR2
|
| 041 |
0 |
|
|a slo
|
| 044 |
|
|
|a xo
|c SK
|
| 100 |
1 |
|
|a Dorotjak, D.
|4 aut
|9 1131483
|
| 245 |
1 |
0 |
|a K NIEKTORÝM OTÁZKAM VÝSTAVBY MIEST NA STREDNOM SLOVENSKU
|c D. Dorotjak, T. Zalčík
|
| 700 |
1 |
|
|a Zalčík, Tibor,
|d 1927-1985
|4 aut
|9 204869
|
| 773 |
0 |
|
|t Stavebnícky časopis : mesačník pre teoretické problémy stavebných látok a konštrukcií
|g Roč. 7, č. 5 (1959), s. 298-311
|
| 954 |
|
|
|a odborná, vedecká literatúra pôvodná (slovenská)
|2 lita
|
| 958 |
|
|
|a OND
|
| 958 |
|
|
|a EUIPO
|
| 958 |
|
|
|a article10
|
| 999 |
|
|
|c 1978005
|d 1979935
|